[Event "Politiken Cup 36th"]
[Site "Helsingor"]
[Date "2014.07.21"]
[Round "1"]
[White "Skovgaard, Ib"]
[Black "Svane, Minna"]
[Result "1-0"]
[WhiteElo "2019"]
[BlackElo "1278"]
[PlyCount "44"]
[EventDate "2014.07.21"]
[EventType "swiss"]
[EventRounds "10"]
[EventCountry "DEN"]
[SourceTitle "CBM 161 Extra"]
[Source "ChessBase"]
[SourceDate "2014.08.29"]
[SourceVersion "1"]
[SourceVersionDate "2014.08.29"]
[SourceQuality "1"]

1. e4 e5 2. Nf3 Nc6 3. Bb5 d6 4. c3 Nf6 5. d4 Bd7 6. Nbd2 Be7 7. Qe2 0-0 8. Bxc6 bxc6 9. dxe5 Ng4 10. Nc4 Be6 11. exd6 cxd6 12. Nd4 Nxf2 13. Nxe6 fxe6 14. 0-0 Bh4 15. Be3 Nxe4 16. Qg4 Bf2+ 17. Bxf2 Nxf2 18. Qxe6+ Kh8 19. Rxf2 Qh4 20. Raf1 Rxf2 21. Rxf2 Rd8 22. Nxd6 Rf8 1-0

[Event "Lueneburg blitz op"]
[Site "Lueneburg"]
[Date "2013.07.22"]
[Round "?"]
[White "Ditmas, Hugh"]
[Black "Svane, Minna"]
[Result "1-0"]
[WhiteElo "1996"]
[BlackElo "1278"]
[PlyCount "33"]
[EventDate "2013.07.22"]
[EventType "swiss (blitz)"]
[EventRounds "9"]
[EventCountry "GER"]
[SourceTitle "EXT 2024"]
[Source "ChessBase"]
[SourceDate "2023.10.10"]
[SourceVersion "1"]
[SourceVersionDate "2023.10.10"]
[SourceQuality "1"]

1. d4 Nf6 2. c4 d6 3. Nf3 g6 4. Nc3 Bg7 5. e4 Nbd7 6. Be2 c6 7. 0-0 0-0 8. Ne1 Rb8 9. Be3 a6 10. a4 e5 11. Nc2 Re8 12. f3 h6 13. Qd2 h5 14. Rfd1 Nh7 15. b4 Ndf6 16. dxe5 dxe5 17. Qxd8 1-0

[Event "Lueneburg blitz op"]
[Site "Lueneburg"]
[Date "2013.07.22"]
[Round "?"]
[White "Svane, Minna"]
[Black "Svane, Frederik"]
[Result "0-1"]
[WhiteElo "1278"]
[BlackElo "1753"]
[PlyCount "68"]
[EventDate "2013.07.22"]
[EventType "swiss (blitz)"]
[EventRounds "9"]
[EventCountry "GER"]
[SourceTitle "EXT 2024"]
[Source "ChessBase"]
[SourceDate "2023.10.10"]
[SourceVersion "1"]
[SourceVersionDate "2023.10.10"]
[SourceQuality "1"]

1. e4 c5 2. Nf3 Nc6 3. Bb5 g6 4. 0-0 Bg7 5. c3 Nf6 6. Re1 0-0 7. d4 cxd4 8. Nxd4 Nxd4 9. Qxd4 a6 10. Ba4 d5 11. Bb3 dxe4 12. Bg5 Qxd4 13. cxd4 Bf5 14. Nc3 h6 15. d5 hxg5 16. Rad1 Nd7 17. Ba4 Nc5 18. Bc2 Bxc3 19. bxc3 Rfd8 20. c4 Rac8 21. Re3 Nd7 22. Bb3 Ne5 23. c5 Rxc5 24. h3 e6 25. dxe6 Rxd1+ 26. Bxd1 Rc1 27. Re1 Bxe6 28. Kh2 Nd3 29. Rf1 Nxf2 30. Be2 Rxf1 31. Bxf1 Bxa2 32. Be2 e3 33. Bf3 b5 34. g3 Bd5 0-1

[Event "Lueneburg blitz op"]
[Site "Lueneburg"]
[Date "2013.07.22"]
[Round "?"]
[White "Svane, Minna"]
[Black "Svane, Freja"]
[Result "0-1"]
[WhiteElo "1278"]
[BlackElo "891"]
[PlyCount "48"]
[EventDate "2013.07.22"]
[EventType "swiss (blitz)"]
[EventRounds "9"]
[EventCountry "GER"]
[SourceTitle "EXT 2024"]
[Source "ChessBase"]
[SourceDate "2023.10.10"]
[SourceVersion "1"]
[SourceVersionDate "2023.10.10"]
[SourceQuality "1"]

1. b3 e5 2. d3 d5 3. g3 Nf6 4. Bb2 Nc6 5. Bg2 Bc5 6. Nf3 d4 7. Nbd2 Bg4 8. 0-0 0-0 9. Re1 Bxf3 10. Bxf3 Re8 11. Ne4 Bb4 12. c3 Nxe4 13. Bxe4 Bxc3 14. Bxc3 dxc3 15. Rc1 Qd4 16. Qc2 Nb4 17. e3 Qb6 18. Qe2 Qa6 19. a4 c2 20. f4 exf4 21. exf4 Rad8 22. Qf3 c6 23. Re3 Nd5 24. Bxd5 cxd5 0-1

[Event "Norderstedt op"]
[Site "Norderstedt"]
[Date "2013.03.30"]
[Round "5"]
[White "Petrosyan, Tigran"]
[Black "Svane, Minna"]
[Result "1/2-1/2"]
[WhiteElo "1925"]
[BlackElo "1288"]
[PlyCount "76"]
[EventDate "2013.03.28"]
[EventType "swiss"]
[EventRounds "9"]
[EventCountry "GER"]
[SourceTitle "EXT 2015"]
[Source "ChessBase"]
[SourceDate "2014.11.20"]
[SourceVersion "1"]
[SourceVersionDate "2014.11.20"]
[SourceQuality "1"]

1. e4 d6 2. Nf3 Nf6 3. Nc3 g6 4. d4 Bg7 5. Bg5 h6 6. Bf4 Nbd7 7. g3 c5 8. d5 a6 9. Bg2 Nh5 10. Be3 Ne5 11. Nxe5 Bxe5 12. 0-0 Bg7 13. Qd3 0-0 14. Rad1 Bd7 15. a4 Qc8 16. Qc4 f5 17. exf5 Bxf5 18. Rd2 Bh3 19. Bxh3 Qxh3 20. Ne4 Kh7 21. b3 Rf7 22. c3 Raf8 23. Re2 Nf6 24. Nxf6+ Bxf6 25. Qd3 Bg5 26. f4 Bf6 27. a5 Qg4 28. b4 h5 29. bxc5 h4 30. Bf2 hxg3 31. hxg3 Kg7 32. c4 Rh8 33. Be3 Qh3 34. Kf2 Qh2+ 35. Kf3 Qh5+ 36. Kg2 Qh2+ 37. Kf3 Qh5+ 38. Kg2 Qh2+ 1/2-1/2

[Event "Norderstedt op"]
[Site "Norderstedt"]
[Date "2013.03.30"]
[Round "4"]
[White "Svane, Minna"]
[Black "Wolke, Reimund"]
[Result "0-1"]
[WhiteElo "1288"]
[BlackElo "1936"]
[PlyCount "84"]
[EventDate "2013.03.28"]
[EventType "swiss"]
[EventRounds "9"]
[EventCountry "GER"]
[SourceTitle "EXT 2015"]
[Source "ChessBase"]
[SourceDate "2014.11.20"]
[SourceVersion "1"]
[SourceVersionDate "2014.11.20"]
[SourceQuality "1"]

1. Nf3 d5 2. g3 Nf6 3. Bg2 e6 4. 0-0 Be7 5. d3 0-0 6. Nbd2 c5 7. Nh4 e5 8. c4 d4 9. Rb1 Nc6 10. a3 a5 11. b3 Be6 12. h3 Nd7 13. Nhf3 f5 14. h4 h6 15. e4 f4 16. Nh2 fxg3 17. fxg3 Nf6 18. Rf2 Qd7 19. Bf3 g5 20. hxg5 hxg5 21. g4 Kg7 22. Ndf1 Kg6 23. Ng3 Rh8 24. Nh5 Raf8 25. Nxf6 Rxf6 26. Bd2 Rf7 27. Qe2 Rhf8 28. Nf1 Rxf3 29. Rxf3 Bxg4 30. Nh2 Bxf3 31. Nxf3 Qh3 32. Rf1 g4 33. Ng5 Rxf1+ 34. Qxf1 Qxf1+ 35. Kxf1 Bxg5 36. Be1 b6 37. Kg2 Nd8 38. Bg3 Bf6 39. a4 Ne6 40. Kh2 Nf4 41. Be1 Nxd3 42. Bg3 Nc1 0-1

[Event "Norderstedt op"]
[Site "Norderstedt"]
[Date "2013.03.28"]
[Round "1"]
[White "Svane, Minna"]
[Black "Groetzbach, Julian"]
[Result "0-1"]
[WhiteElo "1288"]
[BlackElo "2066"]
[PlyCount "34"]
[EventDate "2013.03.28"]
[EventType "swiss"]
[EventRounds "9"]
[EventCountry "GER"]
[SourceTitle "EXT 2015"]
[Source "ChessBase"]
[SourceDate "2014.11.20"]
[SourceVersion "1"]
[SourceVersionDate "2014.11.20"]
[SourceQuality "1"]

1. Nf3 d5 2. g3 Nf6 3. Bg2 Bf5 4. d3 c6 5. h3 h6 6. Nbd2 e6 7. 0-0 Be7 8. Re1 0-0 9. Nf1 Re8 10. Bf4 Nbd7 11. Ne5 Nh5 12. Qd2 Nxf4 13. Qxf4 Bg5 14. Qd4 Nxe5 15. f4 c5 16. Qxe5 Bf6 17. Qe3 Bd4 0-1

[Event "Politiken Cup 34th"]
[Site "Helsingor"]
[Date "2012.08.04"]
[Round "9"]
[White "Svane, Minna"]
[Black "Nielsen, Bjorn1111"]
[Result "1/2-1/2"]
[WhiteElo "1302"]
[BlackElo "1534"]
[PlyCount "87"]
[EventDate "2012.07.28"]
[EventType "swiss"]
[EventRounds "10"]
[EventCountry "DEN"]
[SourceTitle "CBM 149 Extra"]
[Source "ChessBase"]
[SourceDate "2012.08.24"]
[SourceVersion "1"]
[SourceVersionDate "2012.08.24"]
[SourceQuality "1"]

1. Nf3 Nc6 2. d3 e5 3. e4 Nf6 4. g3 Bc5 5. Bg5 Be7 6. Bg2 0-0 7. Be3 d6 8. 0-0 Bg4 9. h3 Be6 10. Nc3 Qd7 11. Nh4 Bxh3 12. f4 Bg4 13. Qe1 exf4 14. Bxf4 Nd4 15. Rc1 c6 16. Be3 Ne6 17. Nd1 Nc7 18. Nf5 Bxf5 19. exf5 b6 20. Qe2 d5 21. g4 d4 22. Bd2 h6 23. Bf3 Nh7 24. Qh2 Bg5 25. Bxg5 Nxg5 26. Bg2 Rad8 27. b4 f6 28. Nf2 Qd6 29. Qh5 Nd5 30. Rce1 Ne3 31. Ne4 Qxb4 32. Nxg5 hxg5 33. Kf2 Nxf1 34. Rxf1 Qd2+ 35. Kg3 Rde8 36. Bxc6 Re3+ 37. Bf3 Qxc2 38. Rh1 Rxf3+ 39. Kxf3 Qxd3+ 40. Kf2 Qd2+ 41. Kf3 Qf4+ 42. Kg2 Qe4+ 43. Kg1 Qe1+ 44. Kg2 1/2-1/2

[Event "Politiken Cup 33rd"]
[Site "Helsingor"]
[Date "2011.08.06"]
[Round "9"]
[White "Svane, Freja"]
[Black "Svane, Minna"]
[Result "1-0"]
[WhiteElo "1000"]
[BlackElo "1000"]
[PlyCount "41"]
[EventDate "2011.07.30"]
[EventType "swiss"]
[EventRounds "10"]
[EventCountry "DEN"]
[SourceTitle "CBM 143 Extra"]
[Source "ChessBase"]
[SourceDate "2011.08.29"]
[SourceVersion "1"]
[SourceVersionDate "2011.08.29"]
[SourceQuality "1"]

1. e4 e5 2. Nf3 d6 3. Be2 Nf6 4. d3 Be7 5. 0-0 0-0 6. Bg5 Nbd7 7. Nbd2 b5 8. Re1 Rb8 9. Nf1 a6 10. Ng3 Bb7 11. Nf5 Qe8 12. Qd2 d5 13. Qe3 c6 14. N3h4 dxe4 15. dxe4 c5 16. Qg3 c4 17. Bh6 Nh5 18. Bxg7 Bxh4 19. Nxh4 Nxg7 20. Nf5 Bxe4 21. Qxg7# 1-0

[Event "Politiken Cup 33rd"]
[Site "Helsingor"]
[Date "2011.08.05"]
[Round "8"]
[White "Svane, Minna"]
[Black "Hjornevik, Oyvind"]
[Result "1/2-1/2"]
[WhiteElo "1000"]
[BlackElo "1000"]
[PlyCount "41"]
[EventDate "2011.07.30"]
[EventType "swiss"]
[EventRounds "10"]
[EventCountry "DEN"]
[SourceTitle "CBM 143 Extra"]
[Source "ChessBase"]
[SourceDate "2011.08.29"]
[SourceVersion "1"]
[SourceVersionDate "2011.08.29"]
[SourceQuality "1"]

1. Nf3 d5 2. d3 Nc6 3. g3 e5 4. Bg2 Nf6 5. 0-0 Bc5 6. Qe1 0-0 7. Nbd2 Nb4 8. Qd1 e4 9. Ne1 Bg4 10. Nb3 Bb6 11. d4 Nc6 12. Be3 Ne7 13. Bg5 Ng6 14. f3 Be6 15. Qd2 h6 16. Bxf6 Qxf6 17. fxe4 Qd8 18. e3 Qd7 19. Nc5 Bxc5 20. dxc5 c6 21. Rd1 1/2-1/2

[Event "Politiken Cup 33rd"]
[Site "Helsingor"]
[Date "2011.07.31"]
[Round "3"]
[White "Hansen, Erik Friberg"]
[Black "Svane, Minna"]
[Result "1-0"]
[WhiteElo "1539"]
[BlackElo "1000"]
[PlyCount "48"]
[EventDate "2011.07.30"]
[EventType "swiss"]
[EventRounds "10"]
[EventCountry "DEN"]
[SourceTitle "CBM 143 Extra"]
[Source "ChessBase"]
[SourceDate "2011.08.29"]
[SourceVersion "1"]
[SourceVersionDate "2011.08.29"]
[SourceQuality "1"]

1. d4 Nf6 2. Nf3 g6 3. e3 Bg7 4. Bd3 0-0 5. c3 d6 6. Qc2 Bg4 7. Nbd2 Nbd7 8. h3 Be6 9. e4 c5 10. d5 c4 11. Bxc4 Bg4 12. hxg4 Nxg4 13. Be2 Qb6 14. Rf1 Nxf2 15. Rxf2 Nf6 16. Nd4 e5 17. dxe6 Rae8 18. Nc4 Qc7 19. Bf4 Qe7 20. Bxd6 Qd8 21. Bxf8 Bxf8 22. 0-0-0 Bh6+ 23. Kb1 fxe6 24. Nf5 Qb6 1-0

[Event "Politiken Cup 33rd"]
[Site "Helsingor"]
[Date "2011.07.31"]
[Round "2"]
[White "Svane, Minna"]
[Black "Christophersen, David"]
[Result "0-1"]
[WhiteElo "1000"]
[BlackElo "1777"]
[PlyCount "48"]
[EventDate "2011.07.30"]
[EventType "swiss"]
[EventRounds "10"]
[EventCountry "DEN"]
[SourceTitle "CBM 143 Extra"]
[Source "ChessBase"]
[SourceDate "2011.08.29"]
[SourceVersion "1"]
[SourceVersionDate "2011.08.29"]
[SourceQuality "1"]

1. Nf3 d5 2. g3 c5 3. d3 Nc6 4. Bg2 e5 5. 0-0 Nf6 6. Nbd2 Bg4 7. c4 d4 8. Rb1 Qd7 9. b3 Bd6 10. Ba3 h5 11. Re1 Bh3 12. Ng5 Bxg2 13. Kxg2 h4 14. Nf1 hxg3 15. Nxg3 Qg4 16. Bc1 e4 17. Rh1 e3 18. f3 Qxg5 19. Qe1 0-0-0 20. h3 Nh5 21. Rg1 Bxg3 22. Qf1 Nf4+ 23. Kh1 Nxh3 24. Kg2 Nf4# 0-1

[Event "Hamburg St Pauli op-B"]
[Site "Hamburg"]
[Date "2011.07.12"]
[Round "5"]
[White "Giede, Anna Blume"]
[Black "Svane, Minna"]
[Result "1-0"]
[WhiteElo "1037"]
[BlackElo "783"]
[PlyCount "61"]
[EventDate "2011.07.09"]
[EventType "swiss"]
[EventRounds "9"]
[EventCountry "GER"]
[SourceTitle "CBM 143 Extra"]
[Source "ChessBase"]
[SourceDate "2011.08.29"]
[SourceVersion "1"]
[SourceVersionDate "2011.08.29"]
[SourceQuality "1"]

1. e4 d6 2. d4 Nf6 3. Nc3 g6 4. Nf3 Bg7 5. Bc4 0-0 6. Bg5 c6 7. h3 Nbd7 8. Qd2 e5 9. dxe5 dxe5 10. 0-0 Qc7 11. Rfe1 a6 12. Rad1 b5 13. Bb3 b4 14. Nb1 a5 15. a3 Bb7 16. Qd6 Qc8 17. axb4 c5 18. bxc5 Nxc5 19. Bxf6 Ne6 20. Bxg7 Nxg7 21. Qxe5 a4 22. Ba2 Bc6 23. Rd3 Qa6 24. Rd6 Rae8 25. Qf4 Qa8 26. Rd4 Ne6 27. Bxe6 Rxe6 28. Qh4 Rfe8 29. Ng5 Re5 30. Qxh7+ Kf8 31. Qxf7# 1-0